Suomea suuremmat valtiot - Äkkikuolema - Statistics

Yleistilastot
  • Tätä visaa on pelattu 6 939 kertaa
  • Keskiarvotulos 7 / 25
Answers on the Grid
Answers color-coded by a green-red scale on the quiz's grid according to % correct below.
Afganistan
Belgia
Bhutan
Bolivia
Botswana
Chile
Costa Rica
Espanja
Fidži
Georgia
Iran
Islanti
Italia
Japani
Jemen
Kambodža
Kazakstan
Kenia
Kirgisia
Kreikka
Kuuba
Liettua
Madagaskar
Malawi
Marokko
Myanmar
Namibia
Papua-Uusi-Guinea
Peru
Pohjois-Korea
Portugali
Ranska
Romania
Ruanda
Ruotsi
Sambia
Senegal
Somalia
Sri Lanka
Suriname
Thaimaa
Turkki
Uganda
Ukraina
Unkari
Uruguay
Uusi-Seelanti
Uzbekistan
Venezuela
Yhdistynyt kuningaskunta
 
Vastaustilastot
Vastaus % Oikein
Afganistan
61%
Espanja
52%
Iran
49%
Chile
43%
Ranska
43%
Kazakstan
39%
Ruotsi
39%
Turkki
36%
Ukraina
36%
Bolivia
34%
Peru
26%
Madagaskar
25%
Botswana
24%
Namibia
24%
Japani
23%
Marokko
21%
Myanmar
20%
Kenia
19%
Thaimaa
19%
Venezuela
18%
Uzbekistan
16%
Papua-Uusi-Guinea
15%
Somalia
15%
Sambia
12%
Jemen
11%
Ehtoja vastaavia visoja ei löytynyt
Tulosjakauma
Jokaisen tuloksen saaneiden osuus
Persentiili vastausten määrän mukaan
Tuloshistoriasi
Et ole pelannut tätä visaa